Teoría de la educación /

Libro donde se argumenta que la única teoría de la educación posible es una teoría para la innovación educativa, donde la educación sea práctica, tanto en el sistema escolar como en la educación no formal, y que tenga en cuenta la realidad socio-cultural de los alumnos y de las propias instituciones...

Full beskrivning

Sparad:
Bibliografiska uppgifter
Huvudupphov: Colom, Antoni J. (autor)
Övriga upphov: Núñez Cubero, Luis (autor) (autor)
Materialtyp: Bok
Språk:spanska
Utgiven: Madrid, España : Síntesis, 2001, c2001
Serie:(Síntesis Educación. Teoría e Historia de la Educación ; 8)
Ämnen:
Taggar: Lägg till en tagg
Inga taggar, Lägg till första taggen!

MARC

LEADER 00000nam^a2200000^a^4500
001 000177716
005 20250521000000.0
009 20260310101725.122
020 |a 84-7738-909-8 
037 |a Acervo ITESO - Biblioteca 
041 |a ESP 
082 |a 370. 1  |b COL 
100 |a Colom, Antoni J.  |e (autor) 
245 1 0 |a Teoría de la educación /  |c A.J. Colom, L. Núñez Cubero. 
264 4 |a Madrid, España :  |b Síntesis,  |c 2001, c2001 
300 |a 361 p. 
336 |a texto  |b txt  |2 rdacontenido 
337 |a sin mediación  |b n  |2 rdamedio 
338 |a volumen  |b nc  |2 rdasoporte 
440 1 |a (Síntesis Educación.  |p Teoría e Historia de la Educación ;  |v 8) 
520 |a Libro donde se argumenta que la única teoría de la educación posible es una teoría para la innovación educativa, donde la educación sea práctica, tanto en el sistema escolar como en la educación no formal, y que tenga en cuenta la realidad socio-cultural de los alumnos y de las propias instituciones educativas. 
649 |a XX 
650 |a Educación -  |x Teoría 
650 |a Innovación Educativa 
650 |a Práctica Educativa 
650 |a Sociología de la Educación 
650 |a Instituciones Educativas -  |x Aspectos Sociales y Culturales 
650 |a Filosofía de la Educación 
650 |a Educación 
700 |a Núñez Cubero, Luis  |e (autor) 
910 |a Fondo General 
920 |a Impresos - Libros 
930 |a Colección General 
905 |a 101 
901 |a 0500116793  |b IT1  |c ACC  |u 20250521 
902 |a https://opac.biblio.iteso.mx/vufind/Record/000177716